000 00426nam a2200145Ia 4500
003 OSt
005 20260120104302.0
008 211028s2014 xx 000 0 und d
040 _cAIMIT LIBRARY
041 _aeng
100 _aLasrado, Ashwil Venisia; Wright, Rowena.
_g1216016
_97132
245 _aStudy on receivable management at export tadeline agencies /
260 _aMangalore
_bRowena Wright
_c2014
942 _2ddc
_cPRO
999 _c218702
_d218702